The Buddhist Heritage of Pakistan (Record no. 13203)
[ view plain ]
| 000 -LEADER | |
|---|---|
| fixed length control field | 00396nam a22001577a 4500 |
| 020 ## - INTERNATIONAL STANDARD BOOK NUMBER | |
| International Standard Book Number | 9789699532047 |
| 082 ## - DEWEY DECIMAL CLASSIFICATION NUMBER | |
| Classification number | 294.3435095 SAF |
| 100 ## - MAIN ENTRY--PERSONAL NAME | |
| Personal name | Safdar Ali Shah |
| 245 ## - TITLE STATEMENT | |
| Title | The Buddhist Heritage of Pakistan |
| 260 ## - PUBLICATION, DISTRIBUTION, ETC. | |
| Place of publication, distribution, etc. | Pakistan |
| Name of publisher, distributor, etc. | Constellation Plus |
| Date of publication, distribution, etc. | 2014 |
| 300 ## - PHYSICAL DESCRIPTION | |
| Extent | vii, 130 p. |
| 500 ## - GENERAL NOTE | |
| General note | Index included |
| 650 ## - SUBJECT ADDED ENTRY--TOPICAL TERM | |
| Topical term or geographic name entry element | Buddhist Heritage |
| 700 ## - ADDED ENTRY--PERSONAL NAME | |
| Personal name | Syed Javaid A. Kazi |
| 942 ## - ADDED ENTRY ELEMENTS (KOHA) | |
| Koha item type | Book |
| Withdrawn status | Lost status | Damaged status | Not for loan | Collection code | Permanent Location | Current Location | Shelving location | Date acquired | Source of acquisition | Full call number | Barcode | Date last seen | Price effective from | Koha item type |
|---|---|---|---|---|---|---|---|---|---|---|---|---|---|---|
| Central Library (CL) | Central Library (CL) | General Stacks | 05/26/2015 | Donation | 294.30954 SAF | SEECSD01090 | 05/25/2015 | 01/05/2017 | Reference |
